000 00844cam a22002893a 4500
001 6758
003 PGUSA
005 20140828083136.0
008 040909s2004||||xxu|||||s|||||000 1 eng d
040 _aPGUSA
_beng
042 _adc
050 4 _aPR
100 1 _aSmollett, T.
_q(Tobias),
_d1721-1771
245 1 4 _aThe Adventures of Sir Launcelot Greaves
_h[electronic resource] /
_cT. Smollett
260 _bProject Gutenberg,
_c2004
506 _aPublic domain in the USA.
516 _aElectronic text
653 _aKnights and knighthood -- Fiction
653 _aPsychological fiction
653 _aAdventure stories
653 _aMentally ill -- Fiction
653 _aQuests (Expeditions) -- Fiction
653 _aSatire
830 0 _aProject Gutenberg
_v6758
856 4 0 _uhttp://www.gutenberg.org/ebooks/6758
942 _cEB
999 _c236078
_d236078